Guillermo Forteza (Record no. 64888)
[ view plain ]
| 000 -LEADER | |
|---|---|
| campo de control de longitud fija | 00499nam a2200157 i 4500 |
| 001 - NÚMERO DE CONTROL | |
| campo de control | 64888 |
| 003 - IDENTIFICADOR DE NÚMERO DE CONTROL | |
| campo de control | ES-MaACL |
| 005 - FECHA Y HORA DE LA ÚLTIMA TRANSACCIÓN | |
| campo de control | 20230906165238.0 |
| 007 - CAMPO FIJO DE DESCRIPCIÓN FÍSICA--INFORMACIÓN GENERAL | |
| campo de control de longitud fija | t| |
| 008 - DATOS DE LONGITUD FIJA--INFORMACIÓN GENERAL | |
| campo de control de longitud fija | 040107s1946 sp ||||1| spa d |
| 100 1# - ENTRADA PRINCIPAL--NOMBRE DE PERSONA | |
| Nombre de persona | Forteza, Guillermo. |
| 9 (RLIN) | 51858 |
| 245 10 - MENCIÓN DEL TÍTULO | |
| Título | Guillermo Forteza |
| Resto del título | : arquitecto / |
| Mención de responsabilidad, etc. | Guillermo Forteza. |
| 260 ## - PUBLICACIÓN, DISTRIBUCIÓN, ETC. | |
| Lugar de publicación, distribución, etc. | [S.l. : |
| Nombre del editor, distribuidor, etc. | s.n.], |
| Fecha de publicación, distribución, etc. | 1946 ( |
| Lugar de fabricación/manufactura | Palma de Mallorca : |
| Fabricante | Imp. Mossen Alcover) |
| 300 ## - DESCRIPCIÓN FÍSICA | |
| Extensión | 222 p., 28 lám. : |
| Otras características físicas | retr. aut., il. ; |
| Dimensiones | 28 cm. |
| 852 ## - LOCALIZACIÓN | |
| Ubicación | ES-MaACL |
| Número de control de estantería | D-7052 |
| Sublocalización o colección | R.30720 |
| Estatus retirado | Estado de pérdida | Estado de daño | No para préstamo | Biblioteca de origen | Biblioteca actual | Ubicación en estantería | Fecha de adquisición | Fuente de adquisición | Total de préstamos | Signatura topográfica completa | Código de barras | Visto por última vez | Precio de reemplazo | Tipo de ítem Koha |
|---|---|---|---|---|---|---|---|---|---|---|---|---|---|---|
| Biblioteca del Ateneo de Madrid | Biblioteca del Ateneo de Madrid | Sala Valle Inclán | 17/01/2008 | D-7052 | 901067991 | 23/02/2023 | 23/02/2023 | Libro impreso |
